Govt. of
Madhya Pradesh

मधुदीप की 66 लघुकथाऍं और उनकी पडताल पडाव और पडताल खण्‍ड 19 (Record no. 66759)

MARC details
000 -LEADER
fixed length control field 00598nam a22001577a 4500
003 - CONTROL NUMBER IDENTIFIER
control field macl
005 - DATE AND TIME OF LATEST TRANSACTION
control field 20240211125318.0
008 - FIXED-LENGTH DATA ELEMENTS--GENERAL INFORMATION
fixed length control field 240211b |||||||| |||| 00| 0 eng d
040 ## - CATALOGING SOURCE
Transcribing agency macl
082 ## - DEWEY DECIMAL CLASSIFICATION NUMBER
Classification number 891.433/MAH/S
100 ## - MAIN ENTRY--PERSONAL NAME
Personal name सम्‍पा उमेश महादोषी
9 (RLIN) 82299
245 ## - TITLE STATEMENT
Title मधुदीप की 66 लघुकथाऍं और उनकी पडताल पडाव और पडताल खण्‍ड 19
260 ## - PUBLICATION, DISTRIBUTION, ETC. (IMPRINT)
Place of publication, distribution, etc. दिल्‍ली
Name of publisher, distributor, etc. दिशा प्रकाशन
Date of publication, distribution, etc. 2016
650 ## - SUBJECT ADDED ENTRY--TOPICAL TERM
Topical term or geographic name as entry element लघुकथाऍं
9 (RLIN) 74878
942 ## - ADDED ENTRY ELEMENTS (KOHA)
Source of classification or shelving scheme
Koha item type Hindi Books
Holdings
Withdrawn status Lost status Source of classification or shelving scheme Damaged status Not for loan Home library Current library Date acquired Cost, normal purchase price Total Checkouts Full call number Barcode Date last seen Price effective from Koha item type
          MACL MACL 11/02/2024 400.00   891.433/MAH/S CRH035946 11/02/2024 11/02/2024 Hindi Books